1878 1729 1312 1084 1807 1048 1306 1565 1307 1732 1771 1526 1222 1676 1438 1963 1225 1522 1614 1164 1880 1660 1401 1951 1911 1770 1584 1100 1763 1011 1022 1517 1665 1786 1647 1699 1161 1713 1584 1271 1345 1176 1338 1735 1054 1302 1720 1324 1859 1663 1058 1032 1721 1784 1407 1800 1095 1681 1254 1534 1162 1384 1655 1265 1819 1020 1290 1097 1798 1316 1936 1958 1092 1465 1054 1654 1835 1098 1748 1004 1292 1443 1076 1594 1421 1078 1026 1388 1675 1464 1852 1947 1157 1176 1409 1470 1204 1284 1454 BCNSPRNW ULIB Ver.6.0+V

เปลี่ยนเป็นภาษาไทย

Change to English
 แสดงรายละเอียดบรรณานุกรม
  กลับหน้าหลัก

Brief Record : Get Marc (ISO 2709) : E-mail record : QR code < ปิดหน้าต่าง
LEADER : 00000nam a2200000Ia 4500
001    13399114138
003     ULIB
008    110922s2554 th a 000 0 tha d
020    ^a9789741114313 (ล.2)
040    ^absi
060 04 ^aWP100^bน263 ล2
100 0  วีรศักดิ์ วงศ์ถิรพร
245 00 ^aนรีเวชวิทยา เล่ม2/^cบรรณาธิการ, วีรศักดิ์ วงศ์ถิรพร ...
246 14 ^aตำรานรีเวชวิทยา
250    ^aฉบับเรียบเรียงครั้งที่ 3 พิมพ์ครั้งที่ 1
260    ^aกรุงเทพฯ :^bภาควิชาสูติศาสตร์-นรีเวชวิทยา^c2554
300    ^a2 เล่ม :^bภาพประกอบ ;^c31 ชม.
650  7 ^aนรีเวชวิทยา
650  7 ^aอวัยวะสืบพันธุ์หญิง, โรค
653    ^aผลงานอาจารย์คณะแพทยศาสตร์ศิริราชพยาบาล
700 0  ^aวีรศักดิ์ วงศ์ถิรพร,^eบรรณาธิการ
710 2  ^aมหาวิทยาลัยมหิดล. ^bคณะแพทยศาสตร์ศิริราชพยาบาล.
945    ^p400^l0^i031081
945    ^p400^l0^i031082
945    ^p400^l0^i031083
945    ^p400^l0^i031299
945    ^p400^l0^i031300
945    ^p400^l0^i031301
945    ^p400^l0^i031302
945    ^p400^l0^i031303
945    ^p400^l0^i031304
945    ^p400^l0^i031305
995    ^aทศพร
999 ^a ทศพร
รายการนี้ยังไม่มีแท็ก
คุณยังไม่ได้ล็อกอิน คุณสามารถมีกิจกรรมร่วมกับเว็บไซต์ได้ แต่ต้องล็อกอินก่อน ::
  ล็อกอิน

รายการสื่อสารสนเทศ

ลำดับที่ ประเภท เลขเรียก/บาร์โค้ด สถานที่ สถานะ
1. วิทยาศาสตร์การแพทย์ และสุขภาพ
หนังสือสำรอง
สถานะ=หนังสือสำรอง
WP100 น263 ล2 ฉ.1 
  Barcode: 031081
ห้องสมุดวิทยาเขตสวรรค์ประชารักษ์
►ส่วนจัดเก็บหนังสือเก่า สปร
บนชั้น
  ขอยืม
2. วิทยาศาสตร์การแพทย์ และสุขภาพ
วิทยาศาสตร์การแพทย์ และสุขภาพ
WP100 น263 ล2 ฉ.10 
  Barcode: 031305
ห้องสมุดวิทยาเขตสวรรค์ประชารักษ์
►ส่วนจัดเก็บหนังสือเก่า สปร
บนชั้น
  ขอยืม
3. วิทยาศาสตร์การแพทย์ และสุขภาพ
วิทยาศาสตร์การแพทย์ และสุขภาพ
WP100 น263 ล2 ฉ.2 
  Barcode: 031082
ห้องสมุดวิทยาเขตสวรรค์ประชารักษ์
►ส่วนจัดเก็บหนังสือเก่า สปร
บนชั้น
  ขอยืม
4. วิทยาศาสตร์การแพทย์ และสุขภาพ
วิทยาศาสตร์การแพทย์ และสุขภาพ
WP100 น263 ล2 ฉ.3 
  Barcode: 031083
ห้องสมุดวิทยาเขตสวรรค์ประชารักษ์
►ส่วนจัดเก็บหนังสือเก่า สปร
บนชั้น
  ขอยืม
5. วิทยาศาสตร์การแพทย์ และสุขภาพ
วิทยาศาสตร์การแพทย์ และสุขภาพ
WP100 น263 ล2 ฉ.4 
  Barcode: 031299
ห้องสมุดวิทยาเขตสวรรค์ประชารักษ์
►ส่วนจัดเก็บหนังสือเก่า สปร
บนชั้น
  ขอยืม
6. วิทยาศาสตร์การแพทย์ และสุขภาพ
วิทยาศาสตร์การแพทย์ และสุขภาพ
WP100 น263 ล2 ฉ.5 
  Barcode: 031300
ห้องสมุดวิทยาเขตสวรรค์ประชารักษ์
►ส่วนจัดเก็บหนังสือเก่า สปร
บนชั้น
  ขอยืม
7. วิทยาศาสตร์การแพทย์ และสุขภาพ
วิทยาศาสตร์การแพทย์ และสุขภาพ
WP100 น263 ล2 ฉ.7 
  Barcode: 031302
ห้องสมุดวิทยาเขตสวรรค์ประชารักษ์
►ส่วนจัดเก็บหนังสือเก่า สปร
บนชั้น
  ขอยืม
8. วิทยาศาสตร์การแพทย์ และสุขภาพ
วิทยาศาสตร์การแพทย์ และสุขภาพ
WP100 น263 ล2 ฉ.8 
  Barcode: 031303
ห้องสมุดวิทยาเขตสวรรค์ประชารักษ์
►ส่วนจัดเก็บหนังสือเก่า สปร
บนชั้น
  ขอยืม
9. วิทยาศาสตร์การแพทย์ และสุขภาพ
วิทยาศาสตร์การแพทย์ และสุขภาพ
WP100 น263 ล2 ฉ.9 
  Barcode: 031304
ห้องสมุดวิทยาเขตสวรรค์ประชารักษ์
►ส่วนจัดเก็บหนังสือเก่า สปร
บนชั้น
  ขอยืม

รายการใกล้เคียง
    ผู้แต่ง [วีรศักดิ์ วงศ์ถิรพร]

    หัวเรื่อง [นรีเวชวิทยา]
    หัวเรื่อง [อวัยวะสืบพันธุ์หญิง, โรค]

BibComment


ยังไม่เคยถูกคอมเมนท์

คอมเมนท์ทรัพยากรรายการนี้
  คอมเมนท์: นรีเวชวิทยา เล่ม..


 Copyright 2026. Bcnsprnw @Library